00491nam a2200169Ia 4500999001700000003000400017005001700021008004100038040000900079082001900088100002900107245005300136260005500189300000800244650002500252942004400277 c27138d27138OSt20201211101526.0190216s9999||||xx |||||||||||||| ||und|| coclc a894.812bPIL/P aPillai, P Govinda 96803 0aPoonthanam Muthal Simon Vare /cP Govinda Pillai bCalicut University Publications, aCalicut:c1995. a68p aSahithya Vimarshanam cBK2ddch894.812iPIL/Pk894.812mPIL/P